15 pays manquants, saurez-vous les retrouver ?- Map Quiz - Statistiques

Statistiques générales
  • Ce quiz a été pris 230 fois
  • Le résultat moyen est 2 sur 14
Réponses sur la Carte
Les réponses sont colorées sur une échelle allant du rouge au vert en fonction du pourcentage des utilisateurs qui les ont devinées à leur premier essai. Vous pouvez retrouver ces pourcentages ci-dessous.
 
Statistiques - réponses
Réponse % Correct
Algérie
27%
Afrique du Sud
21%
Canada
16%
Brésil
15%
États-Unis
12%
Chine
11%
Chili
9%
Japon
9%
Suisse
9%
Portugal
8%
Ukraine
8%
Islande
6%
Irlande
5%
Inde
4%
Aucun quiz correspondant
Distribution des résultats
% des personnes avec chaque résultat
Percentile par nombre de réponses
Votre historique - résultats
Vous n’avez pas pris ce quiz